00726nam a2200205 a 450000100100000000500170001000800410002702000150006804000250008308200150010810000370012324500490016026000300020930000290023950000800026850400330034804900090038195201130039099900170050300002222420200930011634.0100920s1996 sp f 000 0 spa d a8485041429 aDO-SdBNPbspacBNPHU axxxbL171g1 aLafuente Ferrari, Enrique94596010aGoya :bdibujos /cEnrique Lafuente Ferrari. a[Madrid] :bSilex,c1996. a262 p. :blam. ;c23 cm. aIncluye notas al pie de páginas e índice de referencia de las láminas aBibliografías : p. 261-262 aBNPD 001050718MOaPDbPDcCTd2010-09-20iLF1l0oxxx L171gp22224-10r2020-06-25w2020-06-25y1ZNo se presta c21722d21722